| Tag |
First Indicator |
Second Indicator |
Subfields |
| LEADER |
00000cem a2200000 a 4500 |
| 001 |
in00002696421 |
| 005 |
20151202122547.0 |
| 007 |
aj canzn |
| 007 |
cr ||||||||||| |
| 008 |
910604s1980 dcub a f 0 eng |
| 010 |
|
|
|a 91682434
|
| 019 |
|
|
|a 16407794
|a 63371327
|a 78638281
|
| 034 |
1 |
|
|a a
|b 4000000
|d E0390000
|e E0480000
|f N0130000
|g N0040000
|
| 035 |
|
|
|a (OCoLC)ocm18087653
|
| 035 |
|
|
|a (OCoLC)18087653
|z (OCoLC)16407794
|z (OCoLC)63371327
|z (OCoLC)78638281
|
| 040 |
|
|
|a DLC
|c DLC
|d YSM
|d CUD
|d TXA
|d UtOrBLW
|
| 043 |
|
|
|a f-et---
|
| 049 |
|
|
|a TXAM
|
| 050 |
0 |
0 |
|a G8332.O4 1980
|b .U5
|
| 052 |
|
|
|a 8332
|b O4
|
| 110 |
1 |
|
|a United States.
|b Central Intelligence Agency.
|
| 245 |
1 |
0 |
|a Ethiopia, the Ogaden Region.
|
| 255 |
|
|
|a Scale [ca. 1:4,000,000]
|c (E 39⁰--E 48⁰/N 13⁰--N 4⁰).
|
| 264 |
|
1 |
|a [Washington, D.C.] :
|b [Central Intelligence Agency],
|c [1980]
|
| 300 |
|
|
|a 1 map :
|b color ;
|c 27 x 28 cm.
|
| 336 |
|
|
|a cartographic image
|b cri
|2 rdacontent
|
| 337 |
|
|
|a computer
|b c
|2 rdamedia
|
| 338 |
|
|
|a online resource
|b cr
|2 rdacarrier
|
| 500 |
|
|
|a "504025 7-80."
|
| 500 |
|
|
|a Relief shown by shading.
|
| 500 |
|
|
|a Ancillary maps: Ethnic groups -- Vegetation.
|
| 530 |
|
|
|a Available also through the Library of Congress Web site as a raster image.
|
| 505 |
8 |
|
|a Includes maps inset showing Ethnic Groups and Vegetation.
|
| 500 |
|
|
|a Cartographic material.
|
| 651 |
|
0 |
|a Ogaden Region (Ethiopia)
|v Maps.
|
| 650 |
|
0 |
|a Ethnology
|z Ethiopia
|z Ogaden Region
|v Maps.
|
| 650 |
|
0 |
|a Phytogeography
|z Ethiopia
|z Ogaden Region
|v Maps.
|
| 752 |
|
|
|a Ethiopia
|c Ogaden Region.
|
| 856 |
4 |
1 |
|u http://hdl.loc.gov/loc.gmd/g8332o.ct002909
|t 0
|
| 948 |
|
|
|a cataloged
|b h
|c 2011/6/17
|d c
|e jgreene
|f 12:05:47 pm
|
| 994 |
|
|
|a C0
|b TXA
|
| 999 |
|
|
|a MARS
|
| 999 |
f |
f |
|s b729eb83-66ec-3554-8286-f677eba79652
|i 98e96abe-d0c7-32a9-a988-32563e1d867f
|t 0
|
| 952 |
f |
f |
|p normal
|a Texas A&M University
|b College Station
|c Sterling C. Evans Library
|d Evans: Maps (2nd floor)
|t 0
|e G8332.O4 1980 .U5
|h Library of Congress classification
|i computer -- online resource
|m A14837835904
|
| 998 |
f |
f |
|a G8332.O4 1980 .U5
|t 0
|l Evans: Maps (2nd floor)
|